000
00265nam a2200109Ia 4500
005
20251222154333.0
008
251222s9999||||xx |||||||||||||| ||spa||
020
_a
8460929113
082
_a
508.854.2/M12
245
0
_a
El Paraíso Amazónico del Perú:
942
_c
LIB
999
_c
34232
_d
34232